| 000 | 00827nab a2200253 u 4500 | ||
|---|---|---|---|
| 001 | 08620 | ||
| 003 | HDC | ||
| 007 | cr bn ---aaaaa | ||
| 008 | 210130c2013 my dr|nes 0 a may d | ||
| 040 | _aHDC | ||
| 100 |
_aHaidhar Hilmi _eauthor _99094 |
||
| 245 | 0 |
_aUsaha Ladand Ubi / oleh _cHaidhar Hilmi |
|
| 260 |
_aKuala Lumpur : _bThe New Straits Times Press (M) Bhd., _c2013 |
||
| 336 |
_atext _2rdacontent |
||
| 337 |
_acomputer _2rdamedia |
||
| 338 |
_aonline resource _2rdacarrier |
||
| 650 |
_aagriculture _91238 |
||
| 650 |
_aFood industry _9536 |
||
| 650 |
_afood product _92283 |
||
| 856 | _zRequest full-text at [email protected] | ||
| 942 | _2lcc | ||
| 942 | _cNEWS | ||
| 942 | _kNWSC 002374 | ||
| 999 |
_c5943 _d5943 |
||